000
00255nam a2200097Ia 4500
008
230508s2008 xx 000 0 und d
041
_a
eng
100
_a
CHOUDHARY HAJARA
245
_a
ELEMENTS OF WORKSHOP TECHNOLOGY
260
_b
MEDIA PROMOTERS
_c
2008
_g
2006
999
_c
337944
_d
337944